000 01911nam0a2200349 4500
001 RU\NLR\bibl\520203
005 20260405225429.0
010 _a5-8459-0095-6
_92500
021 _aRU
_b2004-18962
_9967
035 _a(NLR Aleph) 000512610
090 _a1242788
_c1242788
100 _a20040517d2004 |||y0rusy50 ca
101 1 _arus
_ceng
102 _aRU
_aUA
105 _aa |||||||||
200 1 _aMicrosoft Access 2000
_eБиблия пользователя
_e[Пер. с англ.]
_fКерри Н. Праг и Майкл Р. Ирвин
210 _aМ. и др.
_cДиалектика
_aМ.
_cВильямс
_d2004
215 _a1039, 29, [2] с.
_cил.
_d24
_e1 электрон. опт. диск
300 _aЗагл. и авт. ориг.: Microsoft Access 2000: Bible/ Cary N. Prague a. Michael R. Irwin
320 _aПредм. указ.: с. 1034-1039
327 1 _aВ кн. также: Microsoft Access 2000: Библия пользователя: Крат. справ./ Дон Роч
454 0 _12001#$aMicrosoft Access 2000$eBible$fCary N. Prague a. Michael R. Irwin
_1700#1$aPrague$bC. N.$gCary N.$4070
_1701#1$3RU\NLR\auth\77103489$7ba$aIrwin$bM. R.$gMichael R.$4070
_tMicrosoft Access 2000
_aPrague, Cary N.
464 0 _12001#$aMicrosoft Access 2000$eБиблия пользователя$eКрат. справ.$fДон Роч
_1700#1$aРоч$bД.$gДон$4070
_tMicrosoft Access 2000
_aРоч, Дон
606 0 _aMICROSOFT ACCESS 2000, система управления базами данных
_jРуководства, пособия и т.п.
_92122385
_3RU\NLR\auth\661281453
686 _aЗ973.233-018.2я7
700 1 _aПраг
_bК. Н.
_gКерри Н.
_4070
701 1 _4070
_8rus
_7ca
_aИрвин
_bМ. Р.
_gМайкл Р.
_3RU\NLR\auth\77103488
_986414
801 0 _aRU
_bNLR
_c20040517
_gPSBO
801 1 _aRU
_bNLR
_c20040517
942 _cBOOK
980 _aNB